000 00446nam a2200181Ia 4500
008 220531s9999 xx 000 0 und d
041 _aeng
082 _bTHO / THO
100 _aThorpe, E. / Thorpe, S.
_943383
245 _aWheelers General Knowledge Manual
250 _a1ST
260 _bWheeler
_c1999
300 _aD131
542 _d24-07-2001
650 _aGeneral
_943384
906 _d2001-2002
_f8250
999 _c25785
_d25785